Soja eficiencia de cosecha y postcosecha /
Guardado en:
| Autor Principal: | |
|---|---|
| Autor Corporativo: | |
| Otros Autores: | |
| Formato: | Electrónico |
| Idioma: | Spanish |
| Publicado: |
Buenos Aires,
INTA.
2005 :
|
| Edición: | INTA PRECOP. |
| Series: | Manual técnico ;
3 |
| Etiquetas: |
Agregar Etiqueta
Sin Etiquetas, Sea el primero en etiquetar este registro!
|
| LEADER | 00633nmm a22001815a 4500 | ||
|---|---|---|---|
| 001 | EEA.libagro009240 | ||
| 005 | 20181029133724.0 | ||
| 008 | 131107s2005####ag#########m########spa#d | ||
| 022 | |a 1667-9199 | ||
| 100 | 1 | |a Bragachini, Mario. | |
| 245 | 1 | 0 | |a Soja |h [recurso electrónico] : |b eficiencia de cosecha y postcosecha / |c M. Bragachini; C. Casini (eds.). |
| 250 | |a INTA PRECOP. | ||
| 260 | |a Buenos Aires, |c 2005 : |b INTA. | ||
| 300 | |a 1 CD. | ||
| 490 | 1 | |a Manual técnico ; |v 3 | |
| 700 | 1 | |a Casini, C. |q (Cristiano) | |
| 710 | 2 | |a Instituto Nacional de Tecnología Agropecuaria (Argentina) | |
| 859 | |a AR-BbBCA |b BIB. AGRONOMIA |h 633.34 |i B813 |p 2013/6222 | ||
